Logo BPK

Biblioteka

Politechniki Koszalińskiej

Oznaczanie składu fazowego cementów powszechnego użytku : (Rekord nr 52256)

Szczegóły MARC
000 -ETYKIETA REKORDU
podpole kontrolne o stałej długości 00985nam a2200265 i 4500
001 - NUMER KONTROLNY REKORDU
pole kontrolne bg
020 ## - MIĘDZYNARODOWY ZNORMALIZOWANY NUMER KSIĄŻKI - ISBN
ISBN 8324903194
040 ## - ŹRÓDŁO KATALOGOWANIA
Instytucja, która utworzyła rekord BPK
041 0# - KOD JĘZYKA
Kod języka tekstu pol
080 ## - UNIWERSALNA KLASYFIKACJA DZIESIĘTNA - UKD
UKD 691:666.9](083.1)
920 ## - Międzynarodowy znormalizowany numer książki – ISBN
ISBN 83-249-0319-4
008 - POLE O STAŁEJ DŁUGOŚCI - DANE KONTROLNE
podpole kontrolne o stałej długości s pl f |000 0 pol
100 1# - NAZWA OSOBOWA
Nazwa osobowa KRZYWOBŁOCKA-LAURÓW, Róża.
245 10 - TYTUŁ/ODPOWIEDZIALNOŚĆ
Tytuł Oznaczanie składu fazowego cementów powszechnego użytku :
Ciąg dalszy tytułu [instrukcja] /
Pozostałe elementy strefy tytułu i oznaczenia odpowiedzialności Róża Krzywobłocka-Laurów, Dorota Siemaszko-Lotkowska ; Instytut Techniki Budowlanej.
260 ## - STREFA ADRESU WYDAWNICZEGO
Miejsce wydania Warszawa :
Nazwa wydawcy/dystrybutora Instytut Techniki Budowlanej,
Data publikacji, dystrybucji/powstania dokumentu 2006.
300 ## - STREFA OPISU FIZYCZNEGO
Objętość 39 s., [1] k. tabl. złoż. :
Inne cechy fizyczne fot., wykr. ;
Rozmiary 24 cm.
490 1# - STREFA SERII I DOKUMENTU WIELOCZĘŚCIOWEGO - FORMA NIE DO WYSZUKIWANIA
Tytuł i oznaczenie odpowiedzialności serii Instrukcje, Wytyczne, Poradniki / Instytut Techniki Budowlanej ;
Numeracja w obrębie serii 419/2006
504 ## - UWAGA DOTYCZĄCA BIBLIOGRAFII
Informacje o bibliografii Bibliogr.
650 #9 - HASŁO PRZEDMIOTOWE W FORMIE NAZWY OGÓLNEJ LUB JEDNOSTKOWEJ
Nazwa ogólna lub geograficzna Cement
655 ## - TERMIN INDEKSOWY - OKREŚLENIE RODZAJU/FORMY DOKUMENTU
Określenie rodzaju/formy dokumentu Instrukcje
700 1# - HASŁO DODATKOWE - NAZWA OSOBOWA
Nazwa osobowa SIEMASZKO-LOTKOWSKA, Dorota.
710 2# - HASŁO DODATKOWE - NAZWA CIAŁA ZBIOROWEGO
Nazwa ciała zbiorowego lub jednostki geograficznej Instytut Techniki Budowlanej
830 #0 - HASŁO DODATKOWE SERII LUB DOKUMENTU WIELOCZĘŚCIOWEGO - TYTUŁ UJEDNOLICONY
Tytuł ujednolicony Instrukcje, Wytyczne, Poradniki - Instytut Techniki Budowlanej ;
Oznaczenie tomu 419/2006
856 ## - LOKALIZACJA I DOSTĘP DO ELEKTRONICZNYCH DOKUMENTÓW ZDALNYCH
Link (URL) http://koha.tu.koszalin.pl/cgi-bin/koha/opac-detail.pl?biblionumber=52256
Tekst linku Katalog online BPK
942 ## - DODATKOWE ELEMENTY (KOHA)
Typ dokumentu Książka
Egzemplarze
Wycofany Status egzemplarza Uszkodzony Dostępność Lokalizacja stała Lokalizacja bieżąca Miejsce przechowywania Sygnatura Kod kreskowy Dział Typ dokumentu
      Tylko na miejscu Czytelnia Wydziału Elektroniki i Informatyki, Wydziału Architektury i Wzornictwa, Wydziału Inżynierii Mechanicznej i Energetyki oraz Wydziału Inżynierii Lądowej, Środowiska i Geodezji Czytelnia Wydziału Elektroniki i Informatyki, Wydziału Architektury i Wzornictwa, Wydziału Inżynierii Mechanicznej i Energetyki oraz Wydziału Inżynierii Lądowej, Środowiska i Geodezji Czytelnia Wydziałowa ul. Śniadeckich 2 80344 02336350 666 Przemysł szklarski i ceramiczny. Przemysł materiałów wiążących Książka
© 2023 Biblioteka Politechniki Koszalińskiej :: KOHA